| 000 | 02439nam a22004095a 4500 | ||
|---|---|---|---|
| 999 |
_c22118 _d22090 |
||
| 003 | EG-ScBUE | ||
| 005 | 20210307092723.0 | ||
| 008 | 160807t1997 nyua f b 000 0 eng d | ||
| 020 | _a0393963349 | ||
| 020 | _a9780393963342 | ||
| 040 |
_aEG-ScBUE _beng _cEG-ScBUE _dEG-ScBUE _erda |
||
| 082 | 0 | 4 |
_a822.052 _bRES _222 |
| 245 | 0 | 0 |
_aRestoration and eighteenth-century comedy / _cedited by Scot Mcmillan, Cornell University. |
| 250 | _aSecond edition. | ||
| 264 | 1 |
_aNew York ; _bW. W. Norton and Company, _c[1997] |
|
| 264 | 4 | _cc1997 | |
| 300 |
_axv, 628 pages : _billustrations ; _c22 cm. |
||
| 336 |
_2rdacontent _atext _btxt |
||
| 337 |
_2rdamedia _aunmediated _bn |
||
| 338 |
_2rdacarrier _avolume _bnc |
||
| 490 | 0 | _aA Norton critical edition | |
| 500 | _a"Authoritative texts of: The country wife, The man of mode, The rover, The way of the world, The conscious lovers, The school for scandal; contexts, criticism." | ||
| 504 | _aIncludes bibliographical reference. | ||
| 520 | _aThe plays are fully annotated for the modern reader and are accompanied by six illustrations. The close relationship between theater and society during the period continues to be the focus of "Contexts." The editor offers contemporary discussions of the following topics: "On Wit, Humour, and Laughter: 1660-1775," "The Collier Controversy: 1698," "Steele and Dennis: On The Man of Mode and The Conscious Lovers," and "Stages, Actors, and Audiences." "Criticism" has been revised to reflect approaches in scholarly interpretations. Two seminal essays from the First Edition have been retained--Charles Lamb's appreciation of the period's comedy and L. C. Knights's condemnation of it. New essays by Jocelyn Powell, Harriet Hawkins, Elin Diamond, Martin Price, and Laura Brown have been added. | ||
| 650 | 7 |
_2BUEsh _940657 _aEnglish drama (Comedy) |
|
| 650 | 7 |
_940658 _aEnglish drama (Comedy) _xHistory and criticism. _2BUEsh |
|
| 650 | 7 |
_940659 _aEnglish drama _y18th century _xHistory and criticism. _2BUEsh |
|
| 650 | 7 |
_940660 _aEnglish drama _y18th century. _2BUEsh |
|
| 650 | 7 |
_940661 _aEnglish drama _yRestoration, 1660-1700 _xHistory and criticism. _2BUEsh |
|
| 650 | 7 |
_940663 _aEnglish drama _yRestoration, 1660-1700. _2BUEsh |
|
| 651 | _2BUEsh | ||
| 653 |
_cAugust 2016 _bHHUUEENN |
||
| 653 |
_bHHUUEENN _cOctober2016 |
||
| 655 |
_vReading book _934232 |
||
| 700 | 1 |
_940664 _aMcMillin, Scott. _eeditor. |
|
| 942 |
_2ddc _e22 _k822.052 RES _cBB |
||